Ley de Murphy : y otras razones porque las cosas salen mal /

El autor aborda con humorismo y perspicacia los contratiempos y las contrariedades para crear corolarios o leyes que muestran el pesimismo humano de una manera astuta y chistosa.

Enregistré dans:
Détails bibliographiques
Auteur principal: Bloch, Arthur (autor)
Format: Livre
Langue:espagnol
Publié: México : Diana, 1991, c1980
Sujets:
Tags: Ajouter un tag
Pas de tags, Soyez le premier à ajouter un tag!

MARC

LEADER 00000nam^a2200000^a^4500
001 000321974
005 20250521000000.0
009 20260310113557.697
020 |a 968-13-0574-4 
037 |a Acervo ITESO - Biblioteca 
041 |a ESP 
082 |a 165.  |b BLO V. 1 
100 |a Bloch, Arthur  |e (autor) 
240 1 1 |a [Ley de Murphy] 
245 1 0 |a Ley de Murphy :  |b y otras razones porque las cosas salen mal /  |c A. Bloch ; tr. por Manuel Arce Rincón. 
264 4 |a México :  |b Diana,  |c 1991, c1980 
300 |a 127 p. 
336 |a texto  |b txt  |2 rdacontenido 
337 |a sin mediación  |b n  |2 rdamedio 
338 |a volumen  |b nc  |2 rdasoporte 
500 |a Traducción de: Murphy's Law and Other Reasons Why Things Go Wrong! 
520 |a El autor aborda con humorismo y perspicacia los contratiempos y las contrariedades para crear corolarios o leyes que muestran el pesimismo humano de una manera astuta y chistosa. 
649 |a XX 
650 |a Pesimismo -  |x Anécdoras y Chistes 
650 |a Pesimismo -  |x Tema Principal 
650 |a Humor 
650 |a Lógica 
910 |a Fondo General 
920 |a Impresos - Libros 
930 |a Colección General 
905 |a 101 
901 |a 0500209233  |b IT1  |c ACC  |i D58387  |u 20250521 
902 |a https://opac.biblio.iteso.mx/vufind/Record/000321974